Waterfowl of North America - Statistics

General Stats
  • This quiz has been taken 174 times
  • The average score is 29 of 48
Answer Stats
Picture Answer % Correct
Mallard
99%
Canada goose
93%
Wood duck
91%
Common loon
76%
Northern pintail
76%
Snow goose
76%
Hooded merganser
75%
Northern Shoveler
75%
Redhead
75%
Blue-winged teal
72%
Green-winged teal
72%
Canvasback
71%
Common merganser
69%
Mute swan
69%
Gadwall
67%
Ruddy duck
67%
Bufflehead
66%
King eider
66%
Mandarin
66%
Tundra Swan
65%
American wigeon
64%
Cinnamon teal
64%
Greater Scaup
64%
Common eider
63%
Lesser Scaup
59%
Common goldeneye
58%
Greater White-fronted Goose
58%
Long-tailed duck
58%
Brant
56%
Harlequin duck
56%
Ring-necked duck
55%
Eurasian wigeon
54%
Black-bellied Whistling-duck
53%
Red-breasted merganser
53%
Red-throated loon
52%
Black scoter
51%
Pied-billed grebe
51%
Barrow's goldeneye
48%
Surf scoter
48%
Tufted duck
47%
Graylag goose
46%
Horned Grebe
41%
Fulvous Whistling-duck
40%
Yellow-billed loon
37%
Red-necked grebe
36%
Smew
36%
Western grebe
36%
Garganey
25%
No matching quizzes found
Score Distribution
Percent of People with Each Score
Percentile by Number Answered
Your Score History
You have not taken this quiz